书目信息 |
| 题名: |
桩基础设计指南
|
|
| 作者: | 林天健 编著 | |
| 分册: | ||
| 出版信息: | 北京 中国建筑工业出版社 1999.05 |
|
| 页数: | 559页 | |
| 开本: | 16开 | |
| 丛书名: | ||
| 单 册: | ||
| 中图分类: | ||
| 科图分类: | ||
| 主题词: | 地基--基础(工程) | |
| 电子资源: | ||
| ISBN: | 7-112-03770-0 | |
| 000 | 00594nam0 2200205 45 | |
| 001 | 9911091530 | |
| 005 | 20001013145058.7 | |
| 010 | @a7-112-03770-0@d53.00元 | |
| 100 | @a19991109d1999 km y0chiy0120 ea | |
| 101 | @achi | |
| 105 | @a z 000yy | |
| 200 | 1 | @a桩基础设计指南@AZhuang Ji Chu She Ji Zhi Nan@f林天健等编著@FLin Tian Jian Deng Bian Zhu |
| 210 | @a北京@c中国建筑工业出版社@d1999.05 | |
| 215 | @a559页@d16开 | |
| 606 | 0 | @a地基@x基础(工程) |
| 690 | @v3 | |
| 690 | @aTU473.1@v3 | |
| 701 | @a林天健@4编著 | |
| 801 | @aCN@bPFTUser@c19991109 | |
| 905 | @dTU473.1@eL358@b177410-413@f4 | |
| 桩基础设计指南/林天健等编著.-北京:中国建筑工业出版社,1999.05 |
| 559页;16开 |
| ISBN 7-112-03770-0:53.00元 |
| ● |
| 相关链接 |
|
|
|
正题名:桩基础设计指南
索取号:TU473.1/L358
 
预约/预借
| 序号 | 登录号 | 条形码 | 馆藏地/架位号 | 状态 | 备注 |
| 1 | 177410 | 201774106 | 建筑库101/101建筑库 98排2列5层/ [索取号:TU473.1/L358] | 在馆 | |
| 2 | 177411 | 201774115 | 自科二线404/404自科库 24排5列2层/ [索取号:TU473.1/L358] | 在馆 | |
| 3 | 177412 | 201774124 | 自科二线404/404自科库 28排4列2层/ [索取号:TU473.1/L358] | 在馆 | |
| 4 | 177413 | 201774133 | 自科二线404/404自科库 28排4列2层/ [索取号:TU473.1/L358] | 在馆 |